000 00577nam a2200229Ia 4500
003 OSt
005 20220924135535.0
006 a|||||r|||| 00| 0
007 ta
008 220923b |||||||| |||| 00| 0 ben d
024 _a291622
037 _cTextual
040 _aARTS
_cARTS
_bben
041 _2ben
_aben
082 _aO157,1x(Delta25), F1
100 _aSaha Co.
_9210470
245 0 _aGeet - ratnabalee
260 _c1921
650 _aBENGALI LITERATURE
942 _hO157,1x(Delta25), F1
_cTEXL
_2CC
999 _c441084
_d441084